| 000 | 01452nam2a2200289 4500 | ||
|---|---|---|---|
| 001 | RU\NLR\BIBL_A\022720821 | ||
| 005 | 20260215044846.0 | ||
| 035 | _a(NLR Aleph) 022720821 | ||
| 090 |
_a13549345 _c13549345 |
||
| 100 | _a20260215 rusy50 | ||
| 101 | 0 | _arus | |
| 102 | _aRU | ||
| 135 | _acrcn 024anaba | ||
| 200 | 0 | _a1901, № 24 (9 июня) | |
| 210 | _d1901 | ||
| 325 | 1 | _aКопия доступна в электронной библиотеке РНБ | |
| 461 | 0 |
_1001RU\NLR\DRGNLR\5097 _12001#$aТургайская газета$eПолит.-лит.-обществ. [Неофиц. часть "Тург. обл. ведомостей"]$fРед. В.Иванов$v1901, № 24 (9 июня) _910646057 _cОренбург _d1895 - 1910 _fРед. В.Иванов _oПолит.-лит.-обществ. [Неофиц. часть "Тург. обл. ведомостей"] _tТургайская газета _v1901, № 24 (9 июня) |
|
| 852 |
_aNLR _j1-Р/1-429 |
||
| 856 | 0 | _uhttps://vivaldi.nlr.ru/pn000389791/view | |
| 856 | 1 | _uhttps://vivaldi.nlr.ru/pn000389791/cover | |
| 856 | 2 | _uhttps://vivaldi.nlr.ru/pn000389791/text | |
| 901 | _eГазеты | ||
| 942 | _cISSNP | ||
| 980 | _aNB | ||
| 981 | 2 | 7 |
_a(27) Периодические издания _b(27) Газеты |